LEADER 02604nam0 22005053i 450 001 VAN00279213 005 20241128110948.684 017 70$2N$a9789811972720 100 $a20240704d2023 |0itac50 ba 101 $aeng 102 $aSG 105 $a|||| ||||| 200 1 $aFrontiers in Industrial and Applied Mathematics$eFIAM-2021, Punjab, India, December 21?22$fRajesh Kumar Sharma ... [et al.] editors 210 $aSingapore$cSpringer$d2023 215 $aviii, 676 p.$cill.$d24 cm 410 1$1001VAN00102574$12001 $aSpringer proceedings in mathematics & statistics$1210 $aBerlin [etc.]$cSpringer$d2012-$v410 606 $a00A71$xGeneral theory of mathematical modeling [MSC 2020]$3VANC023301$2MF 606 $a00B25$xProceedings of conferences of miscellaneous specific interest [MSC 2020]$3VANC020732$2MF 606 $a37-XX$xDynamical systems and ergodic theory [MSC 2020]$3VANC020363$2MF 606 $a65-XX$xNumerical analysis [MSC 2020]$3VANC019772$2MF 606 $a74-XX$xMechanics of deformable solids [MSC 2020]$3VANC022466$2MF 606 $a76-XX$xFluid mechanics [MSC 2020]$3VANC019858$2MF 606 $a90-XX$xOperations research, mathematical programming [MSC 2020]$3VANC025650$2MF 606 $a92-XX$xBiology and other natural sciences [MSC 2020]$3VANC020839$2MF 606 $a93-XX$xSystems theory; control [MSC 2020]$3VANC027040$2MF 610 $aApplied Mathematics$9KW:K 610 $aComputational mechanics$9KW:K 610 $aComputer vision and image processing$9KW:K 610 $aDynamical systems and control theory$9KW:K 610 $aIndustrial mathematics$9KW:K 610 $aMathematical biology$9KW:K 610 $aNumerical Analysis$9KW:K 610 $aProbability and Statistics$9KW:K 620 $aSG$dSingapore$3VANL000061 702 1$aSharma$bRajesh Kumar$3VANV231757 712 12$aInternational Conference on Frontiers in Industrial and Applied Mathematics$d4.$f2021$ePunjab, India$3VANV231758 712 $aSpringer $3VANV108073$4650 801 $aIT$bSOL$c20250228$gRICA 856 4 $uhttps://doi.org/10.1007/978-981-19-7272-0$zE-book ? Accesso al full-text attraverso riconoscimento IP di Ateneo, proxy e/o Shibboleth 899 $aBIBLIOTECA DEL DIPARTIMENTO DI MATEMATICA E FISICA$1IT-CE0120$2VAN08 912 $fN 912 $aVAN00279213 950 $aBIBLIOTECA DEL DIPARTIMENTO DI MATEMATICA E FISICA$d08DLOAD e-Book 9319 $e08eMF9319 20240708 996 $aFrontiers in industrial and applied mathematics$93364158 997 $aUNICAMPANIA